| 000 | 00498nam a2200181 a 4500 | ||
|---|---|---|---|
| 001 | ocn9710844520 | ||
| 003 | PILC | ||
| 005 | 20150513152037.0 | ||
| 008 | 030810s ph 000 0 eng d | ||
| 020 | _a9710844520 | ||
| 050 | 0 | 0 |
_aPS 9993.R794 _b.S7 1989 |
| 100 | 1 | _aRosca, Ninotchka. | |
| 245 | 1 | 0 |
_aState of war : _ba novel / _cNinotchka Rosca. |
| 250 | _aPhilippine ed. | ||
| 260 |
_aMetro Manila : _bNational Book Store, _c1989. |
||
| 300 |
_a382 pages ; _c22 cm. |
||
| 942 |
_2lcc _cBK _kFIL |
||
| 999 |
_c283972 _d283972 |
||